Detalles MARC
| 000 -CABECERA |
| campo de control de longitud fija |
01219cam a2200253 a 4500 |
| 001 - NÚMERO DE CONTROL |
| campo de control |
000006677 |
| 005 - FECHA Y HORA DE LA ÚLTIMA TRANSACCIÓN |
| campo de control |
20200929153955.0 |
| 008 - DATOS DE LONGITUD FIJA--INFORMACIÓN GENERAL |
| campo de control de longitud fija |
970919s1996 sp ab b 000 0 spa |
| 020 ## - NÚMERO INTERNACIONAL ESTÁNDAR DEL LIBRO |
| Número Internacional Estándar del Libro |
8478203125 |
| 040 ## - FUENTE DE LA CATALOGACIÓN |
| Centro/agencia modificador |
BNPHU |
| Centro/agencia transcriptor |
DLC |
| Centro/agencia modificador |
DLC |
| Centro catalogador/agencia de origen |
DO-SdBNP |
| 082 ## - NÚMERO DE LA CLASIFICACIÓN DECIMAL DEWEY |
| Número de clasificación |
465.53 |
| Número de documento/Ítem |
G182a |
| 049 ## - FONDOS LOCALES (OCLC) |
| Fondos de biblioteca |
BNGR |
| 100 1# - ENTRADA PRINCIPAL--NOMBRE DE PERSONA |
| Nombre de persona |
Galve Izquierdo, María Pilar, |
| Fechas asociadas al nombre |
1949- |
| 9 (RLIN) |
18594 |
| 245 14 - MENCIÓN DE TÍTULO |
| Título |
Los antecedentes de Caesaraugusta : |
| Resto del título |
estructuras domésticas de Salduie (calle Don Juan de Aragón, 9. Zaragoza) / |
| Mención de responsabilidad, etc. |
María Pilar Galve Izquierdo ; colaboración de Ma. Carmen Aguarod, F. de A. Escudero, P.A. Paracuellos ; participación de F. Albalá ... [et al.]. |
| 260 ## - PUBLICACIÓN, DISTRIBUCIÓN, ETC. |
| Lugar de publicación, distribución, etc. |
Zaragoza : |
| Nombre del editor, distribuidor, etc. |
Institución Fernando el Católico, |
| Fecha de publicación, distribución, etc. |
1996. |
| 300 ## - DESCRIPCIÓN FÍSICA |
| Extensión |
197 p. : |
| Otras características físicas |
il., mapas ; |
| Dimensiones |
31 cm. |
| 490 1# - MENCIÓN DE SERIE |
| Mención de serie |
Publicación de la Institución "Fernando el Católico" (Excma. Diputación de Zaragoza) |
| Designación de volumen o secuencia |
1775 |
| 504 ## - NOTA DE BIBLIOGRAFÍA, ETC. |
| Nota de bibliografía, etc. |
Bibliografía: p. 181-193 |
| 651 #4 - PUNTO DE ACCESO ADICIONAL DE MATERIA--NOMBRE GEOGRÁFICO |
| Nombre geográfico |
Zaragoza (España{Rpara} |
| 9 (RLIN) |
18595 |
| 650 #4 - PUNTO DE ACCESO ADICIONAL DE MATERIA--TÉRMINO DE MATERIA |
| Término de materia o nombre geográfico como elemento de entrada |
Excavaciones arqueológicas |
| Subdivisión geográfica |
España |
| -- |
Zaragoza |
| 9 (RLIN) |
18596 |
| 650 #4 - PUNTO DE ACCESO ADICIONAL DE MATERIA--TÉRMINO DE MATERIA |
| Término de materia o nombre geográfico como elemento de entrada |
Sitio de zaragoza |
| Subdivisión cronológica |
1808-1809 |
| 9 (RLIN) |
18597 |
| 830 #0 - PUNTO DE ACCESO ADICIONAL DE SERIE-TÍTULO UNIFORME |
| Título uniforme |
Publicación de la Institución "Fernando el Católico" (Excma. Diputacion de Zaragoza) ; |
| Designación de volumen o secuencia |
1775. |
| 9 (RLIN) |
18598 |
| 910 ## - DATOS DE OPCIÓN DEL USUARIO (OCLC) |
| Datos de opción del usuario |
Catalogación derivada |